000
00303nam a22001337a 4500
008
170713b xxu||||| |||| 00| 0 eng d
020
_a
0132901145
041
_a
eng
080
_a
17
100
_a
24
101
_a
fil
245
_a
ETHICAL ISSUES IN DEATH AND DYING
_c
BEAUCHAMO, T.L
942
_2
udc
_c
BK
999
_c
20567
_d
20567